Days of the Week in Vietnamese - Statistics

General Stats
  • This quiz has been taken 125 times
  • The average score is 7 of 7
Answer Stats
English Vietnamese % Correct
Tuesday Thứ Ba
99%
Monday Thứ Hai
97%
Thursday Thứ Năm
97%
Saturday Thứ Bảy
93%
Friday Thứ Sáu
93%
Wednesday Thứ Tư
93%
Sunday Chủ nhật
87%
No matching quizzes found
Score Distribution
Percent of People with Each Score
Percentile by Number Answered
Your Score History
You have not taken this quiz